| 000 | 00562nam a2200217Ia 4500 | ||
|---|---|---|---|
| 008 | 170203s9999 xx 000 0 und d | ||
| 020 | _a0-689803818 | ||
| 050 | _aFic | ||
| 050 | _bb216g | ||
| 245 | 4 | _aThe grey lady and the strawberry snatcher / | |
| 245 | _cby Molly Bang. | ||
| 260 | _aNew York : | ||
| 260 | _bAladdin Paperbacks, | ||
| 260 | _c1996 | ||
| 300 | _a1 volume (unpaged) : | ||
| 300 | _bcolor illustrations ; | ||
| 300 | _c20 cm | ||
| 650 | _aStories without words. | ||
| 650 | _aStrawberries -- | ||
| 650 | _xJuvenile fiction. | ||
| 999 |
_c306515 _d306515 |
||